000 00828nam a2200265Ia 4500
003 OSt
005 20221006143647.0
006 a|||||r|||| 00| 0
007 ta
008 221006b |||||||| |||| 00| 0 eng d
020 _a08911589996
_c
_28.60
024 _a9,584
037 _cTextual
040 _aEASL
_cEASL
_beng
041 _2eng
_aeng
082 _aJ41,93, M1
100 _aPLUCKNETT Donald L Ed.
_9650185
245 0 _aVegetable farming systems in China
_b Report of the visit of the vegetable farming systems delegation to China
260 _aBoulder
_bWestview Press
_c1981
300 _a386p.
_ccm.
650 _aEnvironment
700 _a Beemer, Jr Halsey L Ed.
_9650186
942 _hJ41,93, M1
_cTEXL
_2CC
999 _c1077670
_d1077670